000
00322nam a2200121Ia 4500
008
171211s9999 xx 000 0 und d
020
_a
9780323228367
100
_a
Frazier, Schell Margaret
245
_a
Essentials of Human Diseases and Conditions
250
_a
VI
260
_b
Elsivier Inc.
_c
2016
300
_a
952 pages
999
_c
350819
_d
350819